| 000 | 00382nam a2200133Ia 4500 | ||
|---|---|---|---|
| 005 | 20260328104246.0 | ||
| 008 | 260328s9999||||xx |||||||||||||| ||und|| | ||
| 100 | _aSkötte, Hans | ||
| 245 | 0 |
_aPlanning for action -actions of Planning : _b Two fied studies in Kampala,Uganda / _cHans Skötte |
|
| 260 | _bExacutive Summaries | ||
| 300 | _a54 p. | ||
| 650 | _aESCUELAS | ||
| 942 | _cBK | ||
| 999 |
_c10065 _d10065 |
||